000 01757nam a2200277 i 4500
005 20250329165427.0
007 ta
008 190415s2023 000 0 eng d
040 _aCO-CtgCURN
_bspa
_ccoctgcurn
_erda
082 0 _aDER 2023
_bM971
100 1 _aMuñoz Zambrano, Yasmelis Maria,
_eauthor.
_4aut
245 1 0 _aTrabajo obligatorio del condenado como mecanismo de resocialización y dignificación a partir de la constitución política de 1991 /
_cYasmelis Maria Muñoz Zambrano; Kaliana Patricia Montes.
260 _aCartagena de Indias :
_bCorporación Universitaria Rafael Núñez,
_c2023.
260 4 _c©2023.
300 _a80 hojas.
336 _atext
_btxt
_2rdacontent
337 _aunmediated
_bn
_2rdamedia
338 _avolume
_bnc
_2rdacarrier
504 _aTrabajo de grado (Abogado). Corporación Universitaria Rafael Nuñez. Facultad de Ciencias Sociales y Humanas. Programa de Derecho, 2023.
520 _a"Aunque el trabajo penitenciario es un tema de gran polémica también es una característica que comparte casi todo el mundo. A partir del año 1993 con la ley 65 de 1993 se expidió el Código Penitenciario y Carcelario de Colombia, el cual dentro de sus variados objetivos se centra en el cumplimiento del principio de resocialización. En el artículo 10 de la mencionada ley se explican los métodos a emplear por parte del Estado."
650 1 4 _aDerecho
_vTesis y disertaciones academicas.
700 1 _aMontes, Kaliana Patricia.
856 _uhttps://unicurn.sharepoint.com/:b:/s/biblioteca/EQTp50ncHe1LmrgxPJhpM_gB-296TMXRaVyp2GjdYViQ5w?e=pGLwtV
_zAqui el texto completo del recurso
942 _2ddc
_aMHC
_bMHC
_cTG
_hDER 2023
_iM971
999 _c3610
_d3610